| 000 | 01318nam a22003617a 4500 | ||
|---|---|---|---|
| 003 | CHAP | ||
| 005 | 20220329143454.0 | ||
| 008 | 091130s2006 mx r 00010 spa d | ||
| 010 | _a97159 | ||
| 011 | _a98131 | ||
| 020 | _a9789588307091 | ||
| 035 | _a108814 | ||
| 040 | _cCHAP | ||
| 082 | 0 | 4 |
_a370.78 _bEs19 |
| 245 | 0 | 3 |
_aLa escuela del mañana : _bimaginar escenarios, repensar la educación _c/por Organización Para la Cooperación y el Desarrollo Económicos |
| 260 |
_aColombia : _bMayol Ediciones : _bOCDE, _c2006 |
||
| 300 | _a174 p. | ||
| 590 |
_aBATCH-UPD _b10 _c20130110 _lUCH01 _h0931 |
||
| 590 |
_aBATCH-UPD _b10 _c20130410 _lUCH01 _h0550 |
||
| 590 |
_aBATCH-UPD _b10 _c20130914 _lUCH01 _h1239 |
||
| 590 |
_aCONVERSION _b10 _c20130109 _lUCH01 _h1354 |
||
| 650 | 1 | 4 |
_aAprendizaje. _96370 |
| 650 | 1 | 4 |
_aEducación _xInnovaciones tecnológicas. _935456 |
| 650 | 1 | 4 |
_aEducación _xPlanes de estudio. _935474 |
| 650 | 1 | 4 |
_aEnseñanza. _937085 |
| 650 | 1 | 4 |
_aPensamiento. _986728 |
| 710 | 0 |
_aOrganización para la Cooperación y el Desarrollo Económicos. París. _983559 |
|
| 901 | _aBK | ||
| 911 | _aen proceso | ||
| 942 | _cLIBRO | ||
| 949 |
_a370.78 Es19 _bBC _cLIBRO _d33724002124801 _eLIBRO _gI.c/e _h111467 _i108814 _sb |
||
| 949 |
_a370.78 Es19 _bBC _cLIBRO _d33724002167819 _eLIBRO _fc.2 _gI.c/e _h112314 _i108814 _sb |
||
| 999 |
_c97159 _d97159 |
||